| 000 | 00468nam a22001697a 4500 | ||
|---|---|---|---|
| 005 | 20250401130553.0 | ||
| 008 | 250401b |||||||| |||| 00| 0 eng d | ||
| 020 | _a9781647287658 | ||
| 041 | _aeng | ||
| 082 | _a658.7 DIC | ||
| 100 | _aDickens, Judy | ||
| 245 | _aSupply Chain Management: Issues And Challenges | ||
| 260 |
_aUK _bWillford Press _c2025 |
||
| 300 | _a236;. pages: 25 cm | ||
| 650 | _aBusiness Logistics; Delivery of Goods; Management | ||
| 942 | _cBK | ||
| 999 |
_c43497 _d43497 |
||